Advanced strength of materials (Record no. 6074)

000 -LEADER
fixed length control field 00525nam a2200193 4500
001 - CONTROL NUMBER
control field 6074
003 - CONTROL NUMBER IDENTIFIER
control field BD-DhHUET
008 - FIXED-LENGTH DATA ELEMENTS--GENERAL INFORMATION
fixed length control field 790809s1952 nyua 001 0 eng
020 ## - INTERNATIONAL STANDARD BOOK NUMBER
International Standard Book Number 070164002
040 ## - CATALOGING SOURCE
Original cataloging agency DLC
Transcribing agency DLC
Modifying agency BD-DhHUET
082 ## - DEWEY DECIMAL CLASSIFICATION NUMBER
Classification number 620.11
Item number DEN/1952
100 1# - MAIN ENTRY--PERSONAL NAME
Personal name Den Hartog, J. P.
245 10 - TITLE STATEMENT
Title Advanced strength of materials
Statement of responsibility, etc. by Den Hartog, J. P.
250 ## - EDITION STATEMENT
Edition statement 1st ed.
260 ## - PUBLICATION, DISTRIBUTION, ETC. (IMPRINT)
Place of publication, distribution, etc. New York
Name of publisher, distributor, etc. McGraw-Hill
Date of publication, distribution, etc. 1952
300 ## - PHYSICAL DESCRIPTION
Extent ix,379 p.
Other physical details illus.
Dimensions 24 cm.
650 #0 - SUBJECT ADDED ENTRY--TOPICAL TERM
Topical term or geographic name as entry element Strength of materials: engineering
942 ## - ADDED ENTRY ELEMENTS (KOHA)
Koha item type General Book
Holdings
Price effective from Koha date last seen Withdrawn status Damaged status Not for loan Sublocation or collection (holding branch) Lost status Copy number Koha normalized classification for sorting Koha full call number Shelving location Location (home branch) Source of classification or shelving scheme Koha item type Date acquired Piece designation (barcode)
2014-11-302014-11-30   Central Library, BUET 1620_000000000000000_11DEN1952620.11/DEN/1952Circulation sectionCentral Library, BUET General Book2014-11-3087925
2015-04-232015-04-23   Central Library, BUET 2620_110000000000000_DEN_1952620.11/DEN/1952Circulation sectionCentral Library, BUET General Book2015-04-2329906
2015-04-232015-04-23   Central Library, BUET 3620_110000000000000_DEN_1952620.11/DEN/1952Circulation sectionCentral Library, BUET General Book2015-04-2329901
2015-04-232015-04-23   Central Library, BUET 4620_110000000000000_DEN_1952620.11/DEN/1952Circulation sectionCentral Library, BUET General Book2015-04-2334760
2015-04-232015-04-23   Central Library, BUET 5620_110000000000000_DEN_1952620.11/DEN/1952Circulation sectionCentral Library, BUET General Book2015-04-2329903
2015-04-232015-04-23   Central Library, BUET 6620_110000000000000_DEN_1952620.11/DEN/1952Circulation sectionCentral Library, BUET General Book2015-04-2334761
2015-04-232015-04-23   Central Library, BUET 7620_110000000000000_DEN_1952620.11/DEN/1952Circulation sectionCentral Library, BUET General Book2015-04-2329908
2015-04-232015-04-23   Central Library, BUET 8620_110000000000000_DEN_1952620.11/DEN/1952Circulation sectionCentral Library, BUET General Book2015-04-2329905
2015-04-232015-04-23   Central Library, BUET 9620_110000000000000_DEN_1952620.11/DEN/1952Circulation sectionCentral Library, BUET General Book2015-04-2329904
2015-04-252015-04-25   Central Library, BUET 10620_110000000000000_DEN_1952620.11/DEN/1952Circulation sectionCentral Library, BUET General Book2015-04-2534762
2015-04-252015-04-25   Central Library, BUET 11620_110000000000000_DEN_1952620.11/DEN/1952Circulation sectionCentral Library, BUET General Book2015-04-2529907